| 000 | 00604mam a2200193 a 4500 | ||
|---|---|---|---|
| 020 | _a9054101784 | ||
| 020 | _a9054101792 (pbk.) | ||
| 082 |
_a624.15136 _bLAN _cL-38, P-58 |
||
| 100 | 1 |
_aLancellotta, Renato. _942765 |
|
| 245 | 1 | 0 |
_aGeotechnical engineering / _cRenato Lancellotta. |
| 260 |
_aRotterdam ; _aBrookfield : _bA.A. Balkema, _c1995. |
||
| 300 |
_axii, 436 p. : _bill. ; _c26 cm. |
||
| 526 |
_a0 _b0 _c0 _d624_151360000000000_LAN |
||
| 650 | 0 | _aEngineering geology. | |
| 650 | 0 |
_aRock mechanics. _923489 |
|
| 650 | 0 | _aSoil mechanics. | |
| 650 | 0 | _aSoil-structure interaction. | |
| 942 |
_2ddc _cBK |
||
| 999 |
_c546608 _d546608 |
||